000 00621nam a2200169 4500
001 2016017
003 AM-YeHGA
005 20250915102219.0
008 250422s1922 ru ||||| |||| 00| 0 rus d
040 _aAM-YeHGA
041 0 _arus
245 0 0 _aГосударственная лесная промышленность :
_bКраткий обзор за пятилетие 1918-1822 /
_cРСФСР. ВСНХ. Центр. упр. лесной промышленности.
260 _aМосква :
_b[б. и.],
_c1922.
300 _a97 с.
650 1 4 _aЛесная промышленность
942 _2udc
_cBK
999 _c534417
_d534417